000
00317nam a22001457a 4500
008
210310b ||||| |||| 00| 0 eng d
020
_a
9781423912057
041
_a
eng
080
_a
004
082
_a
004
100
_a
35
101
_a
SHKI
245
_a
Discovering Computers 2008
_c
Shelly,B.G
942
_2
udc
_c
BK
999
_c
56247
_d
56247